000 00741nam a2200205Ii 4500
003 JO-AjNU
008 230605s9999||||xx |||||||||||||| ||und||
017 _a2005/4/766
040 _aJO-AjNU
_bara
_erda
_cJO-AjNU
041 _aara
050 1 4 _aLC3469.U8784 2005
100 3 _aيوسف،طلال,
_eauthor
_97348
245 0 0 _aالتربية الخاصة في رعاية ذوي الإحتياجات الخاصة (المعوقين)
264 3 1 _aعمان:دار أسامة،2005
300 _a199ص
336 _atext
_btxt
_2rdacontent
337 _aunmediated
_bn
_2rdamedia
338 _avolume
_bnc
_2rdacarrier
650 4 _aالتربية الخاصة-المعوقون-رعاية. الأطفال المعوقون-تعليم.
_97349
999 _aA234
_c3802
_d3802